Hundred Years' War quiz - Statistics

General Stats
  • This quiz has been taken 509 times
  • The average score is 12 of 18
Answer Stats
Question Answer % Correct
How long did the war last? 116 years
100%
Who led the French at the siege of Orleans Joan of Arc
100%
What was the famous battle in which Henry V slaughtered the French knights stuck in a muddy field, largely credited to the longbowmen of the English. Agincourt
95%
What was the name of the Black Prince? Edward
84%
What year did the Hundred Years' War begin? 1337
79%
What was a Chauvauchée? Raid on horseback
79%
Who was the first King of England during the war? Edward III
74%
Who burned the above at the stake in 1431? The English
74%
In what year did Henry V become King? 1413
68%
In what year did the war end? 1453
68%
Who won the war? France
68%
How many kings of England were there during the Hundred Year's War? 5
58%
How many kings of France were there during the Hundred Years' War? 5
58%
What French King was known as 'the Mad' Charles VI
58%
What famous battle did the above King beat the French at in his invasion of France? Crecys
58%
When did the Black Death begin in Europe? 1348
37%
What French King was captured in the Battle of Poitiers? John II
37%
England held lands in France since 1066, by the begining of the war what was the last remaining English land in France? Gascony
32%
No matching quizzes found
Score Distribution
Percent of People with Each Score
Percentile by Number Answered
Your Score History
You have not taken this quiz